[Event "Cappelle-la-Grande 2014"]
[Site "Cappelle-la-Grande (FRA)"]
[Date "????.??.??"]
[Round "7.29"]
[White "Arizmendi Martinez, Julen Luis"]
[Black "Admiraal, Miguoel"]
[Result "1-0"]
[WhiteElo "2547"]
[BlackElo "2317"]
[PlyCount "113"]

1. Nf3 Nf6 2. c4 c5 3. Nc3 g6 4. e4 Bg7 5. d4 cxd4 6. Nxd4 Nc6 7. Be3 Ng4 8.
Qxg4 Nxd4 9. Qd1 e5 10. Bd3 O-O 11. O-O d6 12. Qd2 Be6 13. Ne2 Nxe2+ 14. Bxe2
Qe7 15. Rfd1 Rfd8 16. a4 Rac8 17. b3 a6 18. a5 Rd7 19. Bf3 Bf6 20. Qe2 h5 21.
Rd3 Qf8 22. Bd2 Rcd8 23. Rd1 Qg7 24. h3 Qh7 25. Be3 Be7 26. Bb6 Rc8 27. Qd2 g5
28. Qe2 h4 29. Bg4 Qg6 30. Kh2 Kg7 31. Qf3 Rc6 32. Bf5 Qf6 33. Qg4 Bxf5 34.
exf5 Bd8 35. Be3 Kf8 36. Rd5 Ke8 37. Qe4 Be7 38. Bb6 Bd8 39. Be3 Be7 40. R1d3
Kd8 41. b4 Ke8 42. b5 Rc8 43. Bb6 Bd8 44. c5 Bxb6 45. Rxd6 Rxd6 46. Rxd6 Qe7
47. f6 Bxc5 48. fxe7 Bxd6 49. Qxb7 e4+ 50. g3 hxg3+ 51. Kg2 Rc7 52. Qa8+ Kxe7
53. Qxe4+ Kf6 54. Qd5 Bf4 55. bxa6 Rc2 56. Qf3 gxf2 57. a7 1-0

[Event "Cappelle-la-Grande 2014"]
[Site "Cappelle-la-Grande (FRA)"]
[Date "????.??.??"]
[Round "7.30"]
[White "Rusev, Krasimir"]
[Black "Schmitt, Andre"]
[Result "1-0"]
[WhiteElo "2541"]
[BlackElo "2301"]
[PlyCount "79"]

1. Nf3 Nf6 2. c4 b6 3. g3 Bb7 4. Bg2 g6 5. O-O Bg7 6. d4 O-O 7. Nc3 Ne4 8. Bd2
e6 9. Qc2 Nxd2 10. Qxd2 d6 11. e4 Nd7 12. Rfe1 e5 13. Rad1 Re8 14. Qc2 exd4 15.
Nxd4 a6 16. Nd5 Nc5 17. f4 c6 18. Nc3 Qc7 19. Re2 b5 20. b4 Ne6 21. Nxe6 fxe6
22. c5 dxc5 23. bxc5 Qe7 24. Nb1 Rad8 25. Rxd8 Qxd8 26. Nd2 Qd4+ 27. Kf1 Bf8
28. Nb3 Qb4 29. Rd2 Ra8 30. e5 a5 31. Qc1 Qa4 32. Bf3 Be7 33. Kg2 Rd8 34. Rxd8+
Bxd8 35. Qd2 Bc7 36. h4 Bc8 37. Bxc6 Qc4 38. Ba8 Qa4 39. Nd4 b4 40. Bc6 1-0

[Event "Cappelle-la-Grande 2014"]
[Site "Cappelle-la-Grande (FRA)"]
[Date "????.??.??"]
[Round "7.31"]
[White "Klinova, Masha"]
[Black "Timoshenko, Georgy"]
[Result "1/2-1/2"]
[WhiteElo "2302"]
[BlackElo "2531"]
[PlyCount "40"]

1. e4 c5 2. Nf3 d6 3. Bb5+ Nc6 4. Bxc6+ bxc6 5. O-O e5 6. c3 f5 7. exf5 Bxf5 8.
d4 e4 9. dxc5 dxc5 10. Qxd8+ Rxd8 11. Ne5 Rc8 12. Nd2 Nf6 13. Nb3 Bd6 14. Nc4
Be7 15. Bf4 Be6 16. Nd6+ Bxd6 17. Bxd6 c4 18. Nc5 Bd5 19. Rfe1 Kf7 20. b3 Rhe8
1/2-1/2

[Event "Cappelle-la-Grande 2014"]
[Site "Cappelle-la-Grande (FRA)"]
[Date "????.??.??"]
[Round "7.32"]
[White "Wacker, Peter"]
[Black "Jovanic, Ognjen"]
[Result "0-1"]
[WhiteElo "2300"]
[BlackElo "2526"]
[PlyCount "80"]

1. e4 c6 2. d4 d5 3. exd5 cxd5 4. Bd3 Nc6 5. c3 Nf6 6. h3 g6 7. Bf4 Bg7 8. Nd2
O-O 9. Ngf3 Nh5 10. Bh2 Bh6 11. Ne5 Nf4 12. Bxf4 Bxf4 13. Nxc6 bxc6 14. g3 Bd6
15. f4 f6 16. Qc2 e5 17. dxe5 fxe5 18. fxe5 Bxe5 19. O-O-O c5 20. h4 Bg4 21.
Rde1 Qc7 22. Be2 Bf5 23. Bd3 Bxg3 24. Reg1 Bxd3 25. Qxd3 Bf4 26. Kb1 Qf7 27.
Rf1 Qf5 28. Qxf5 Rxf5 29. Nb3 Be3 30. Rxf5 gxf5 31. c4 dxc4 32. Na5 Bd4 33.
Nxc4 Kf7 34. Rf1 Ke6 35. Nd2 Rg8 36. Re1+ Kf6 37. Nf3 Rg2 38. Nxd4 cxd4 39. Rd1
Ke5 40. b4 f4 0-1

[Event "Cappelle-la-Grande 2014"]
[Site "Cappelle-la-Grande (FRA)"]
[Date "????.??.??"]
[Round "7.33"]
[White "Chu, Wei Chao"]
[Black "Dgebuadze, Alexandre"]
[Result "1/2-1/2"]
[WhiteElo "2288"]
[BlackElo "2521"]
[PlyCount "87"]

1. d4 e6 2. c4 Bb4+ 3. Nd2 b6 4. a3 Bxd2+ 5. Qxd2 Bb7 6. Nf3 d6 7. b4 Nd7 8.
Bb2 a5 9. Rc1 axb4 10. axb4 Ngf6 11. e3 Ra2 12. Be2 Ne4 13. Qc2 c5 14. Qb3 Qa8
15. O-O Qa4 16. Qxa4 Rxa4 17. bxc5 Ra2 18. Rb1 dxc5 19. Bd1 Ke7 20. Bb3 Ra7 21.
Ra1 Rha8 22. Rxa7 Rxa7 23. Ra1 Rxa1+ 24. Bxa1 g5 25. g4 h6 26. h3 f6 27. Bb2
Nb8 28. dxc5 bxc5 29. Ba4 Na6 30. Ne1 Nd2 31. Bb5 Nc7 32. Nd3 Nxb5 33. cxb5 Nb3
34. Nc1 c4 35. Nxb3 cxb3 36. f4 Kd6 37. Bxf6 Kc5 38. Kf2 Kxb5 39. Kg3 Kc4 40.
h4 Kd5 41. hxg5 hxg5 42. Kf3 Kc4+ 43. Ke2 gxf4 44. exf4 1/2-1/2

[Event "Cappelle-la-Grande 2014"]
[Site "Cappelle-la-Grande (FRA)"]
[Date "????.??.??"]
[Round "7.34"]
[White "Wahedi, Ahmad Siar"]
[Black "Papin, Vasily"]
[Result "0-1"]
[WhiteElo "2276"]
[BlackElo "2515"]
[PlyCount "78"]

1. e4 c5 2. Nf3 e6 3. g3 Nc6 4. Bg2 g5 5. d4 g4 6. Ne5 cxd4 7. Nxc6 dxc6 8.
Qxg4 h5 9. Qe2 e5 10. h4 Bg4 11. f3 Be6 12. O-O Bh6 13. Nd2 Qe7 14. a4 O-O-O
15. Qd3 f6 16. Kh2 Qg7 17. Bh3 Bxh3 18. Kxh3 Ne7 19. Nc4 Bxc1 20. Rfxc1 Rh6 21.
Rg1 Rg6 22. Rg2 Kc7 23. Rf1 Rg8 24. Rfg1 Qf7 25. Kh2 Qe6 26. Qb3 f5 27. Qb4 b6
28. a5 b5 29. Nd2 Qf6 30. Kh3 Qe6 31. Kh2 Qf6 32. Kh3 fxe4 33. Nxe4 Qf5+ 34.
Kh2 Nd5 35. Qc5 Kb8 36. c4 bxc4 37. Qxc4 Qxf3 38. Nc5 R8g7 39. Rf1 Qxg2+ 0-1

[Event "Cappelle-la-Grande 2014"]
[Site "Cappelle-la-Grande (FRA)"]
[Date "????.??.??"]
[Round "7.35"]
[White "Kurajica, Bojan"]
[Black "Decoster, Frederic"]
[Result "1-0"]
[WhiteElo "2505"]
[BlackElo "2300"]
[PlyCount "39"]

1. Nf3 d5 2. d4 e6 3. g3 c5 4. Bg2 Nc6 5. O-O Nf6 6. c4 Be7 7. dxc5 Bxc5 8. a3
O-O 9. b4 Bb6 10. Bb2 Qe7 11. Nbd2 Rd8 12. Qc2 e5 13. cxd5 Nxd5 14. Rad1 f6 15.
b5 Na5 16. Qa4 a6 17. Nxe5 fxe5 18. Nc4 e4 19. Nxb6 axb5 20. Qxe4 1-0

[Event "Cappelle-la-Grande 2014"]
[Site "Cappelle-la-Grande (FRA)"]
[Date "????.??.??"]
[Round "7.36"]
[White "Ulibin, Mikhail"]
[Black "Nemcova, Katerina"]
[Result "1/2-1/2"]
[WhiteElo "2491"]
[BlackElo "2267"]
[PlyCount "110"]

1. d4 Nf6 2. c4 e6 3. g3 Bb4+ 4. Bd2 Bxd2+ 5. Qxd2 d5 6. Bg2 c6 7. Nf3 Nbd7 8.
Qc2 b6 9. Nbd2 Bb7 10. e4 c5 11. e5 Ne4 12. dxc5 Ndxc5 13. O-O O-O 14. b4 Nd7
15. Qb2 Qb8 16. Rfe1 Re8 17. Rad1 Qc7 18. Rc1 Qb8 19. Nf1 a5 20. a3 axb4 21.
axb4 Ra4 22. Red1 Qa7 23. Ne3 Ra2 24. Ra1 Rxa1 25. Rxa1 Qb8 26. Qd4 f5 27. cxd5
exd5 28. Nxf5 Nxe5 29. Qxb6 Nxf3+ 30. Bxf3 Qe5 31. Nd4 Bc8 32. Re1 Rf8 33. Bg2
Qh5 34. Nc6 Kh8 35. Bxe4 dxe4 36. Qc5 Qf3 37. Ne5 Qf5 38. Nc4 Qf6 39. Nd6 Bh3
40. f4 exf3 41. Ne4 Qd8 42. Nf2 Bc8 43. h4 h6 44. Re7 Re8 45. Rc7 Ba6 46. Qa7
Qf6 47. Rf7 Qa1+ 48. Kh2 Qf1 49. Rxf3 Re1 50. Rf8+ Kh7 51. Qc5 Qg1+ 52. Kh3
Qf1+ 53. Kh2 Qg1+ 54. Kh3 Qf1+ 55. Kh2 Qg1+ 1/2-1/2

[Event "Cappelle-la-Grande 2014"]
[Site "Cappelle-la-Grande (FRA)"]
[Date "????.??.??"]
[Round "7.37"]
[White "Chabanon, Jean-Luc"]
[Black "Von Meijenfeldt, Bart"]
[Result "1-0"]
[WhiteElo "2479"]
[BlackElo "2263"]
[PlyCount "85"]

1. d4 Nf6 2. c4 g6 3. g3 Bg7 4. Bg2 O-O 5. Nf3 d6 6. O-O Nc6 7. Nc3 a6 8. b3
Rb8 9. Bb2 b5 10. cxb5 axb5 11. Rc1 Bd7 12. e3 e5 13. dxe5 Nxe5 14. Nxe5 dxe5
15. Nd5 Nxd5 16. Qxd5 Bf5 17. Qc5 Qd6 18. Qxc7 Qxc7 19. Rxc7 Rfc8 20. Rxc8+
Rxc8 21. Rc1 Rd8 22. a4 bxa4 23. bxa4 Rd2 24. Bc3 Ra2 25. Ra1 Rc2 26. a5 Bd3
27. Bb4 e4 28. Rd1 Ra2 29. Bf1 Bf8 30. Bc3 Ra3 31. Bxd3 exd3 32. Rxd3 Be7 33.
Rd7 Rxc3 34. Rxe7 Ra3 35. Re5 Kg7 36. g4 Kf6 37. Rb5 Ke6 38. g5 f6 39. h4 fxg5
40. hxg5 Kf7 41. Kg2 Kg7 42. Rb7+ Kg8 43. Ra7 1-0

[Event "Cappelle-la-Grande 2014"]
[Site "Cappelle-la-Grande (FRA)"]
[Date "????.??.??"]
[Round "7.38"]
[White "Bailet, Pierre"]
[Black "Bernard, Christophe"]
[Result "0-1"]
[WhiteElo "2477"]
[BlackElo "2257"]
[PlyCount "73"]

1. d4 Nf6 2. Nf3 g6 3. c4 Bg7 4. g3 O-O 5. Bg2 d6 6. O-O Nc6 7. Nc3 a6 8. Qd3
Bg4 9. d5 Bxf3 10. exf3 Ne5 11. Qe2 a5 12. Be3 Ned7 13. Rac1 Nc5 14. Rfd1 Nfd7
15. f4 Re8 16. h4 e5 17. dxe6 Rxe6 18. h5 c6 19. Qc2 Qe7 20. hxg6 hxg6 21. Bd2
f5 22. Re1 Re8 23. Rxe6 Qxe6 24. Nb5 Qe7 25. Nc7 Rc8 26. Re1 Qf7 27. Nb5 Ne4
28. Bxe4 cxb5 29. Bd5 Qxd5 30. Re8+ Kh7 31. Rxc8 bxc4 32. Rxc4 Nc5 33. a4 Bd4
34. Be1 b6 35. Qe2 Ne4 36. Rc7+ Kh6 37. Qf3 0-1

[Event "Cappelle-la-Grande 2014"]
[Site "Cappelle-la-Grande (FRA)"]
[Date "????.??.??"]
[Round "7.39"]
[White "Ruecker, Benjamin"]
[Black "Georgescu, Tiberiu-Marian"]
[Result "0-1"]
[WhiteElo "2265"]
[BlackElo "2468"]
[PlyCount "66"]

1. d4 d5 2. c4 e6 3. Nf3 Nf6 4. g3 dxc4 5. Bg2 a6 6. O-O b5 7. Ne5 Nd5 8. Nc3
Bb7 9. e4 Nxc3 10. bxc3 Nd7 11. f4 Be7 12. Rb1 Rb8 13. a4 Ba8 14. axb5 axb5 15.
Qg4 O-O 16. f5 Nxe5 17. dxe5 exf5 18. Qxf5 Bc5+ 19. Kh1 Qe7 20. Bf4 Bc6 21. h4
Ra8 22. Rbd1 Ra2 23. Rd5 Ba3 24. Bh3 g6 25. Qg4 f5 26. Qd1 Qf7 27. Bh6 Re8 28.
Bxf5 Bxd5 29. exd5 gxf5 30. e6 Qg6 31. Bf4 Bd6 32. Qb1 Rea8 33. Bg5 f4 0-1

[Event "Cappelle-la-Grande 2014"]
[Site "Cappelle-la-Grande (FRA)"]
[Date "????.??.??"]
[Round "7.40"]
[White "Vishnu Prasanna. V"]
[Black "Capone, Nicola"]
[Result "1-0"]
[WhiteElo "2462"]
[BlackElo "2251"]
[PlyCount "89"]

1. c4 Nf6 2. Nc3 g6 3. d4 Bg7 4. e4 d6 5. Be2 O-O 6. Be3 e5 7. d5 a5 8. g4 Na6
9. h4 Nc5 10. f3 Ne8 11. h5 f5 12. hxg6 hxg6 13. gxf5 gxf5 14. Qd2 f4 15. Bf2
Nf6 16. O-O-O Kf7 17. Nh3 Bxh3 18. Rxh3 Qd7 19. Rdh1 Rh8 20. Bf1 Rag8 21. Bg1
Kf8 22. Kb1 Ke7 23. Qe1 Nd3 24. Qd2 Nc5 25. Rxh8 Rxh8 26. Rxh8 Bxh8 27. Qh2 Qe8
28. Bf2 Qg8 29. Kc2 Qh7 30. Qg1 Ncd7 31. Nb5 Ne8 32. Be1 b6 33. Qg4 Kd8 34. Bh3
Bf6 35. Na7 Qf7 36. a3 Ng7 37. b4 axb4 38. axb4 Ne8 39. Kb3 Bg7 40. Ka4 Nef6
41. Bh4 Ke8 42. Bxf6 Bxf6 43. Nc6 Bg7 44. Kb5 Bf6 45. Qf5 1-0

[Event "Cappelle-la-Grande 2014"]
[Site "Cappelle-la-Grande (FRA)"]
[Date "????.??.??"]
[Round "7.41"]
[White "Collas, Silvia"]
[Black "Drasko, Milan"]
[Result "1/2-1/2"]
[WhiteElo "2260"]
[BlackElo "2460"]
[PlyCount "40"]

1. Nf3 Nf6 2. c4 e6 3. g3 a6 4. Bg2 b5 5. b3 c5 6. O-O Bb7 7. Bb2 Be7 8. d3 O-O
9. Nbd2 d5 10. cxd5 Nxd5 11. Rc1 Nd7 12. a3 Qb6 13. e4 N5f6 14. Qe2 Rac8 15.
Rfe1 Rfd8 16. e5 Nd5 17. h4 Nf8 18. Ng5 Rd7 19. Nde4 h6 20. Nh3 Nh7 1/2-1/2

[Event "Cappelle-la-Grande 2014"]
[Site "Cappelle-la-Grande (FRA)"]
[Date "????.??.??"]
[Round "7.42"]
[White "Mevel, Alberic"]
[Black "Santiago, Yago De Moura"]
[Result "0-1"]
[WhiteElo "2236"]
[BlackElo "2446"]
[PlyCount "104"]

1. e4 e6 2. d4 d5 3. Nd2 Nc6 4. Ngf3 Nf6 5. e5 Nd7 6. Bb5 a6 7. Ba4 b5 8. Bb3
Na5 9. c3 Nxb3 10. Nxb3 c5 11. Bg5 Qc7 12. O-O h6 13. Be3 c4 14. Nc1 a5 15. Nd2
Nb6 16. Ne2 Bd7 17. f4 Be7 18. g4 f5 19. exf6 gxf6 20. Ng3 O-O-O 21. f5 Rdg8
22. Kh1 e5 23. Nh5 Bc6 24. Rg1 Nd7 25. Nf3 Qb7 26. h3 Nc5 27. Qe2 Nd3 28. Ne1
Nxe1 29. Raxe1 Bd8 30. Bf2 Re8 31. Qd2 Qf7 32. Bg3 Bb6 33. Bf2 Kb7 34. Kh2 Bc7
35. Bg3 Re7 36. Rg2 exd4 37. cxd4 Re4 38. Rge2 Rhe8 39. Bxc7 Qxc7+ 40. Ng3
Rxe2+ 41. Rxe2 Rxe2+ 42. Qxe2 b4 43. Qe3 Bb5 44. Qxh6 c3 45. bxc3 bxc3 46. Qc1
c2 47. g5 fxg5 48. f6 Bd3 49. Kg2 Qf4 50. Qxf4 gxf4 51. f7 c1=Q 52. f8=Q Qd2+
0-1

[Event "Cappelle-la-Grande 2014"]
[Site "Cappelle-la-Grande (FRA)"]
[Date "????.??.??"]
[Round "7.43"]
[White "Lorscheid, Gerhard"]
[Black "Nestorovic, Nikola"]
[Result "1-0"]
[WhiteElo "2229"]
[BlackElo "2434"]
[PlyCount "79"]

1. d4 Nf6 2. c4 e6 3. Nc3 Bb4 4. Qc2 O-O 5. a3 Bxc3+ 6. Qxc3 d5 7. Bg5 dxc4 8.
Qxc4 b6 9. Nf3 Ba6 10. Qa4 Qd7 11. Qc2 c5 12. Bxf6 gxf6 13. Rd1 cxd4 14. Rxd4
Rc8 15. Qd2 Qc7 16. e3 Bxf1 17. Rxf1 Na6 18. Qe2 Nc5 19. Nd2 Rd8 20. Qc4 b5 21.
Qc3 Rxd4 22. exd4 Na6 23. Qg3+ Qxg3 24. hxg3 Nc7 25. Ke2 Rd8 26. Rc1 Nd5 27.
Rc5 Rb8 28. Nb3 Kf8 29. Rc6 Rb6 30. Rc8+ Ke7 31. Ra8 Rb7 32. Na5 Rc7 33. Rxa7
Rxa7 34. Nc6+ Kd6 35. Nxa7 Nc7 36. Kd3 Kd5 37. Kc3 Ke4 38. Kb4 e5 39. dxe5 fxe5
40. Nxb5 1-0

[Event "Cappelle-la-Grande 2014"]
[Site "Cappelle-la-Grande (FRA)"]
[Date "????.??.??"]
[Round "7.44"]
[White "Stella, Andrea"]
[Black "Goczo, Melinda"]
[Result "1/2-1/2"]
[WhiteElo "2434"]
[BlackElo "2227"]
[PlyCount "109"]

1. c4 c5 2. Nf3 Nc6 3. Nc3 g6 4. e3 Nf6 5. d4 cxd4 6. exd4 d5 7. cxd5 Nxd5 8.
Qb3 Nxc3 9. Bc4 Nd5 10. Bxd5 e6 11. Bxc6+ bxc6 12. O-O Bg7 13. Qa3 Qe7 14.
Qxe7+ Kxe7 15. Bg5+ f6 16. Be3 Rd8 17. Rfc1 Bd7 18. Nd2 g5 19. Rc5 Rab8 20. b3
h6 21. Ra5 Rb7 22. h4 Be8 23. Rc1 Kf7 24. hxg5 hxg5 25. Rc4 Rd5 26. Rca4 Rxa5
27. Rxa5 Bf8 28. Nc4 Bb4 29. Ra6 Ke7 30. Bd2 Bd6 31. Bc1 Bb4 32. Ba3 Bxa3 33.
Rxa3 Bg6 34. f3 Bd3 35. Na5 Rc7 36. b4 Bb5 37. Rc3 Kd6 38. Kf2 Rh7 39. Rc1 Kd5
40. Rc5+ Kd6 41. a4 Bxa4 42. Nc4+ Kc7 43. Ra5 Bc2 44. Rxa7+ Kb8 45. Rxh7 Bxh7
46. Nd6 Bg6 47. Ke3 Kc7 48. Nc4 Kd7 49. g3 Bb1 50. Nd2 Ba2 51. Ne4 Ke7 52. Nc3
Bb3 53. b5 cxb5 54. Nxb5 Bd5 55. f4 1/2-1/2

[Event "Cappelle-la-Grande 2014"]
[Site "Cappelle-la-Grande (FRA)"]
[Date "????.??.??"]
[Round "7.45"]
[White "Cappon, John"]
[Black "Monroy, Charles"]
[Result "1/2-1/2"]
[WhiteElo "2227"]
[BlackElo "2431"]
[PlyCount "107"]

1. e4 c6 2. d4 d5 3. exd5 cxd5 4. c4 Nf6 5. Nc3 Nc6 6. Nf3 Bg4 7. cxd5 Nxd5 8.
Bc4 e6 9. Bxd5 exd5 10. O-O Be7 11. h3 Bh5 12. g4 Bg6 13. Ne5 f6 14. Nxg6 hxg6
15. Kg2 Qd7 16. Bf4 f5 17. Re1 O-O 18. g5 Bd6 19. Qf3 Bxf4 20. Qxf4 Rae8 21.
Rxe8 Rxe8 22. Rd1 Kh7 23. Qh4+ Kg8 24. Qf4 Nd8 25. Qf3 Ne6 26. h4 Kh7 27. Ne2
Qa4 28. Nc3 Qc4 29. b3 Qc6 30. h5 Nxg5 31. Qg3 Ne4 32. hxg6+ Kg8 33. Nxe4 Rxe4
34. Qb8+ Re8 35. Qg3 f4 36. Qg5 Re6 37. Qd8+ Re8 38. Qg5 f3+ 39. Kg1 Re6 40.
Qd8+ Re8 41. Qg5 Qf6 42. Qxd5+ Re6 43. Qh5 Qxg6+ 44. Qxg6 Rxg6+ 45. Kf1 Rh6 46.
Kg1 Rg6+ 47. Kf1 Kf7 48. Rd3 Rf6 49. Re3 g5 50. Kg1 Rf4 51. Kh2 Rxd4 52. Rxf3+
Kg6 53. Kg3 Rd2 54. a4 1/2-1/2

[Event "Cappelle-la-Grande 2014"]
[Site "Cappelle-la-Grande (FRA)"]
[Date "????.??.??"]
[Round "7.46"]
[White "Rubery, Mark"]
[Black "Abergel, Thal"]
[Result "0-1"]
[WhiteElo "2224"]
[BlackElo "2426"]
[PlyCount "68"]

1. e4 e5 2. Bc4 Nf6 3. d3 c6 4. Nf3 d5 5. Bb3 a5 6. a3 a4 7. Ba2 Bd6 8. Nc3 Bc7
9. Bg5 Be6 10. O-O Ra5 11. exd5 cxd5 12. d4 e4 13. Ne5 Nc6 14. Nxc6 bxc6 15. f3
Qd6 16. g3 exf3 17. Bf4 Qd8 18. Bxc7 f2+ 19. Rxf2 Qxc7 20. Qd2 O-O 21. Qf4 Qa7
22. Re1 Rd8 23. Qh4 Re8 24. Rfe2 Rf8 25. h3 Qb8 26. Nd1 Ne4 27. Re3 Rb5 28. c3
Rxb2 29. Nxb2 Qxb2 30. R1e2 Qa1+ 31. Kh2 Nxc3 32. Rxc3 Qxc3 33. Bb1 h6 34. Qe7
Rb8 0-1

[Event "Cappelle-la-Grande 2014"]
[Site "Cappelle-la-Grande (FRA)"]
[Date "????.??.??"]
[Round "7.47"]
[White "Carmaciu, Lucian-Catalin"]
[Black "Jarmula, Lukasz"]
[Result "0-1"]
[WhiteElo "2423"]
[BlackElo "2225"]
[PlyCount "42"]

1. e4 c6 2. d3 d5 3. Nd2 e5 4. Ngf3 Bd6 5. Qe2 Nf6 6. exd5 cxd5 7. Nxe5 O-O 8.
d4 Re8 9. Ndf3 Nc6 10. Be3 Nxe5 11. dxe5 Bxe5 12. Nxe5 Rxe5 13. h3 Bf5 14. c3
Qa5 15. Qd2 Ne4 16. Qd4 Rae8 17. b4 Qa3 18. Bb5 Nxc3 19. Bxe8 Qb2 20. Bb5 Qxa1+
21. Kd2 Qb2+ 0-1

[Event "Cappelle-la-Grande 2014"]
[Site "Cappelle-la-Grande (FRA)"]
[Date "????.??.??"]
[Round "7.48"]
[White "Kristiansen, Jens"]
[Black "Le Goff, Damien"]
[Result "0-1"]
[WhiteElo "2419"]
[BlackElo "2224"]
[PlyCount "102"]

1. d4 Nf6 2. Nf3 c5 3. d5 b5 4. Bg5 Qb6 5. a4 b4 6. a5 Qc7 7. c4 d6 8. Nbd2
Nbd7 9. e4 g6 10. h3 Bg7 11. Bd3 O-O 12. O-O e5 13. dxe6 fxe6 14. e5 dxe5 15.
Ne4 Bb7 16. Qe2 Nh5 17. a6 Bc6 18. g3 Rae8 19. Rfe1 Ba8 20. Nh2 Nb8 21. Be3 Nc6
22. Bxc5 Nd4 23. Bxd4 exd4 24. Ng4 Bxe4 25. Bxe4 d3 26. Qxd3 Rd8 27. Qb3 Rd2
28. Qe3 Bd4 29. Qxd2 Qxg3+ 30. Kf1 Qxh3+ 31. Ke2 Qxg4+ 32. f3 Qg2+ 33. Kd1
Qxd2+ 34. Kxd2 Bxb2 35. Ke3 Bxa1 36. Rxa1 Ng3 37. Bb7 Nf5+ 38. Ke4 Rd8 39. c5
Rd4+ 40. Ke5 Kf7 41. Rc1 b3 42. c6 Rd5+ 43. Ke4 Kf6 44. f4 Nd6+ 45. Kf3 Rc5 46.
Rb1 Nc4 47. Ke2 Na5 48. Ke3 Ke7 49. Kd4 Kd6 50. Ke4 Kc7 51. Rh1 h5 0-1

[Event "Cappelle-la-Grande 2014"]
[Site "Cappelle-la-Grande (FRA)"]
[Date "????.??.??"]
[Round "7.49"]
[White "Kohlweyer, Bernd"]
[Black "Le Montagner, Yoann"]
[Result "1/2-1/2"]
[WhiteElo "2416"]
[BlackElo "2050"]
[PlyCount "78"]

1. d4 Nf6 2. c4 c5 3. d5 b5 4. Nf3 g6 5. Qc2 bxc4 6. e4 Bg7 7. Bxc4 d6 8. O-O
O-O 9. Re1 Nfd7 10. Bf4 f6 11. Nc3 Nb6 12. Bf1 N8d7 13. Rad1 Ne5 14. Nxe5 fxe5
15. Be3 h5 16. Nb5 a6 17. Na3 Kh7 18. Bd2 a5 19. b3 Bd7 20. Rb1 Bh6 21. Bc3 Qe8
22. Bd3 Qf7 23. Bb5 Bxb5 24. Nxb5 Rfc8 25. a4 Qe8 26. Ra1 c4 27. Reb1 cxb3 28.
Rxb3 Nd7 29. Qe2 Nc5 30. Rbb1 Qd7 31. h3 Rf8 32. Be1 Rfb8 33. f3 Rc8 34. Ra2
Kg7 35. h4 Kh7 36. Kh2 Bf4+ 37. g3 Bh6 38. Kg2 Rf8 39. Nc3 Rfb8 1/2-1/2

[Event "Cappelle-la-Grande 2014"]
[Site "Cappelle-la-Grande (FRA)"]
[Date "????.??.??"]
[Round "7.50"]
[White "Andrenko, Irina"]
[Black "Piscopo, Pierluigi"]
[Result "0-1"]
[WhiteElo "2219"]
[BlackElo "2407"]
[PlyCount "100"]

1. e4 c5 2. Nf3 e6 3. d4 cxd4 4. Nxd4 Nc6 5. Nc3 d6 6. g3 a6 7. Bg2 Bd7 8. O-O
Nf6 9. h3 Be7 10. Be3 Rc8 11. Nxc6 Bxc6 12. f4 b5 13. a3 Qd7 14. g4 Qb7 15. Qd4
O-O 16. Rf2 Nd7 17. Nd5 Bh4 18. Re2 Nc5 19. Nc3 Be7 20. Rf1 Rfd8 21. g5 a5 22.
b4 axb4 23. axb4 e5 24. fxe5 Ne6 25. Qd2 dxe5 26. Nd5 Bd6 27. Ref2 Bxd5 28.
Rxf7 Qxf7 29. Rxf7 Kxf7 30. exd5 Nf4 31. Bf1 Ra8 32. Bxf4 exf4 33. Bxb5 Ra7 34.
Bc6 Rb8 35. Qd4 Re7 36. b5 Kg8 37. Kf2 Rf8 38. b6 Re3 39. Bd7 Rg3 40. Be6+ Kh8
41. Bg4 f3 42. Qc4 Rg2+ 43. Kf1 Rh2 44. b7 Bg3 45. Bxf3 Rf2+ 46. Kg1 R2xf3 47.
Qc6 Be5 48. Qc8 g6 49. c4 Kg7 50. h4 Rg3+ 0-1

[Event "Cappelle-la-Grande 2014"]
[Site "Cappelle-la-Grande (FRA)"]
[Date "????.??.??"]
[Round "7.51"]
[White "Lyell, Mark"]
[Black "Kukov, Velislav"]
[Result "0-1"]
[WhiteElo "2205"]
[BlackElo "2399"]
[PlyCount "80"]

1. e4 c6 2. d4 d5 3. exd5 cxd5 4. c4 Nf6 5. Nc3 Nc6 6. Bg5 e6 7. Nf3 Be7 8. c5
O-O 9. Bb5 Ne4 10. Bxe7 Nxe7 11. Qc2 f5 12. Ne5 Qa5 13. Rb1 Qb4 14. Qd3 a6 15.
a3 Qa5 16. b4 Qc7 17. Ba4 a5 18. Nb5 Qd8 19. Bb3 axb4 20. axb4 Nc6 21. Bc2 Nxe5
22. dxe5 b6 23. c6 Ba6 24. Ba4 f4 25. Qh3 Ng5 26. Qc3 Bxb5 27. Bxb5 Ne4 28. Qd4
Ra2 29. Rc1 Qc7 30. O-O f3 31. g3 Rc8 32. Rfe1 Nxf2 33. Rf1 Nh3+ 34. Kh1 Qf7
35. Bd3 Qh5 36. g4 Qh4 37. Rc2 Rxc2 38. Bxc2 Rxc6 39. Ba4 Rc4 40. Qxb6 Nf2+ 0-1

[Event "Cappelle-la-Grande 2014"]
[Site "Cappelle-la-Grande (FRA)"]
[Date "????.??.??"]
[Round "7.52"]
[White "Leenhouts, Koen"]
[Black "Grochal, Joey"]
[Result "0-1"]
[WhiteElo "2391"]
[BlackElo "2176"]
[PlyCount "100"]

1. d4 Nf6 2. Bg5 e6 3. Nc3 Bb4 4. e4 h6 5. Bxf6 Qxf6 6. Qd2 d6 7. O-O-O Nd7 8.
Nf3 O-O 9. a3 Ba5 10. h4 c6 11. Rh3 e5 12. Rg3 Qf4 13. dxe5 dxe5 14. Ne1 Nf6
15. b4 Bb6 16. Qxf4 exf4 17. Rf3 Bg4 18. Rxf4 Bxd1 19. Nxd1 Rfe8 20. f3 Nd5 21.
Rg4 f5 22. Rg6 fxe4 23. fxe4 Rxe4 24. Nf3 Kf7 25. h5 Nf4 26. Nc3 Be3+ 27. Kb1
Nxh5 28. Rd6 Re7 29. Bc4+ Ke8 30. Nh4 Rd8 31. Nf5 Rxd6 32. Nxd6+ Kd8 33. b5 Bc5
34. Nf5 Re5 35. g4 Nf6 36. bxc6 bxc6 37. Nxg7 Nxg4 38. Ne6+ Ke7 39. Nf4 Re3 40.
Nce2 Bxa3 41. Nd4 Re4 42. Nfe2 Ne5 43. Ba6 Bc5 44. Nf5+ Kf6 45. Neg3 Rb4+ 46.
Kc1 h5 47. Bc8 h4 48. Nh5+ Kg5 49. Nhg7 Bb6 50. Nd6 Be3+ 0-1

[Event "Cappelle-la-Grande 2014"]
[Site "Cappelle-la-Grande (FRA)"]
[Date "????.??.??"]
[Round "7.53"]
[White "Borsuk, Angela"]
[Black "Berg, Klaus"]
[Result "1/2-1/2"]
[WhiteElo "2174"]
[BlackElo "2389"]
[PlyCount "92"]

1. d4 d5 2. Nf3 Nf6 3. e3 c5 4. Nbd2 cxd4 5. exd4 Nc6 6. c3 Qc7 7. Bd3 Bg4 8.
h3 Bh5 9. Qa4 e6 10. Ne5 Bd6 11. Ndf3 O-O 12. O-O Nd7 13. Qc2 Bxe5 14. Nxe5
Ncxe5 15. Bxh7+ Kh8 16. dxe5 Nxe5 17. f4 Qc5+ 18. Kh1 Qc4 19. Be3 f5 20. fxe5
Kxh7 21. Qf2 a6 22. Qg3 f4 23. Rxf4 Rxf4 24. Qxf4 Qxf4 25. Bxf4 Rf8 26. Be3 Be2
27. Bg1 Bc4 28. a3 Bd3 29. Rd1 Be4 30. Bd4 Kg6 31. Re1 Bd3 32. b4 Bc4 33. a4
Bb3 34. a5 Bc4 35. Kh2 Rf1 36. Rxf1 Bxf1 37. g4 Kf7 38. Kg3 g6 39. h4 Be2 40.
Kf4 Bd1 41. Bc5 Be2 42. Kg5 Bd1 43. h5 gxh5 44. gxh5 Bc2 45. h6 Bb1 46. Kg4 Ke8
1/2-1/2

[Event "Cappelle-la-Grande 2014"]
[Site "Cappelle-la-Grande (FRA)"]
[Date "????.??.??"]
[Round "7.54"]
[White "Roger, Mehdi"]
[Black "Shirazi, Kamran"]
[Result "1-0"]
[WhiteElo "2173"]
[BlackElo "2375"]
[PlyCount "151"]

1. e4 c5 2. Nf3 a6 3. c3 g6 4. d4 cxd4 5. cxd4 d5 6. exd5 Nf6 7. Nc3 Bg7 8. Be2
Nxd5 9. Nxd5 Qxd5 10. O-O Nc6 11. Be3 O-O 12. Qd2 Rd8 13. Rfd1 Bf5 14. b3 Be4
15. Rac1 Qd6 16. Qe1 Qb4 17. Qxb4 Nxb4 18. a3 Na2 19. Rc5 b6 20. Rc7 Bd5 21.
Ra1 Bxb3 22. Bc4 Bxc4 23. Rxc4 e5 24. Rxa2 exd4 25. Bd2 b5 26. Rc7 d3 27. g3 a5
28. Rc5 b4 29. axb4 axb4 30. Rxa8 Rxa8 31. Bxb4 h6 32. Rd5 Rb8 33. Bd2 Rb3 34.
Rd8+ Kh7 35. Kg2 Bf6 36. Rd7 Kg7 37. Ne1 Bg5 38. Bxg5 hxg5 39. Nxd3 Kf6 40. Nc5
Rb4 41. h3 g4 42. hxg4 Rc4 43. Rd5 Ke7 44. g5 Rc2 45. Kf3 Rc3+ 46. Kf4 Rc4+ 47.
Ke5 Rc2 48. Ne4 Re2 49. Rd2 Re1 50. Ra2 Kf8 51. Ra8+ Kg7 52. Kf4 Re2 53. f3 Rb2
54. Rd8 Rb4 55. g4 Ra4 56. Kg3 Ra3 57. Nd6 Ra7 58. Kh4 Ra3 59. Kg3 Ra7 60. Rc8
Ra5 61. Rc7 Rxg5 62. Rxf7+ Kg8 63. Ra7 Rc5 64. Ne4 Rc6 65. Kf4 Kf8 66. Kg5 Rb6
67. f4 Re6 68. Ng3 Rb6 69. Ne2 Rd6 70. Ng1 Rd3 71. Kxg6 Rg3 72. Kf6 Ke8 73. g5
Rxg1 74. g6 Rb1 75. Ra8+ Kd7 76. g7 1-0

[Event "Cappelle-la-Grande 2014"]
[Site "Cappelle-la-Grande (FRA)"]
[Date "????.??.??"]
[Round "7.55"]
[White "Vekemans, Sylvain"]
[Black "Petkov, Vladimir"]
[Result "0-1"]
[WhiteElo "1867"]
[BlackElo "2566"]
[PlyCount "78"]

1. c4 e5 2. Nc3 Bb4 3. Nd5 Bc5 4. b4 Bf8 5. Qb3 c6 6. Nc3 a5 7. b5 Nf6 8. e3
cxb5 9. cxb5 d5 10. Nf3 a4 11. Nxa4 Nbd7 12. Be2 Bd6 13. O-O O-O 14. Bb2 Re8
15. Rac1 Qe7 16. Rc2 Ne4 17. d4 exd4 18. exd4 Qe6 19. Rfc1 Bf4 20. Re1 Qh6 21.
Bd3 Ndf6 22. Bc1 Bg4 23. Bxf4 Qxf4 24. Ne5 Nxf2 25. Rxf2 Qxd4 26. Nf3 Bxf3 27.
Rxe8+ Nxe8 28. gxf3 Rxa4 29. Qc2 g6 30. Kg2 Ra8 31. f4 Nf6 32. Qb2 Qxd3 33.
Qxf6 Qe4+ 34. Kg1 Rc8 35. Qb2 d4 36. f5 Qe3 37. Qd2 Rc1+ 38. Kg2 Qe4+ 39. Rf3
Rc2 0-1